000 00886nas a2200265 i 4500
001 1116
003 ES-MaACL
005 20250721062533.0
007 t|
008 950801c1932 sp | | 1 ||pa d
080 _a33
245 0 0 _aEspaña pericial mercantil /
_córgano oficial del Colegio Central de Profesores e Intendentes Mercantiles.
260 _aMadrid :
_bColegio Central de Madrid,
_c1932-
300 _a12 v. ;
_c28 cm.
310 _aMensual
362 0 _aAño 1, n. 1 (en. 1932)-
500 _aNo se publicó de 1950-1955.
650 1 7 _aEconomía
_2embne
_912006
700 1 _aBanciella y Bárcena, José César,
_edir.
_9194103
710 2 _aColegio Central de Profesores e Intendentes Mercantiles.
_92883
785 0 0 _aTécnica económica
_d1941
852 _aES-MaACL
_jHEM-D-181
_xHem-1377
_d
866 0 _o(1940)1941-49.1956-61.
999 _c1116
_d1116